000 00701nam a2200289Ia 4500
005 20260324134157.0
008 008 260324s9999 xx 000 0 eng d
020 _a9781315847801
037 _aEBOOK
040 _aCRL
040 _beng
040 _cCRL
041 _2eng
041 _aeng
084 _qCRL
100 _aBob Bradnock; Glynn Williams
_91195864
245 0 _aSouth Asia in a Globalising World
245 2 _bA Reconstructed Regional Geography
260 _bTaylor and Francis
260 _c2002
365 _a
365 _b280
856 _uhttp://www.taylorfrancis.com/books/9781315847801
942 _cEBOOK
999 _c1795646
_d1795646